Mecánica de materiales

Збережено в:
Бібліографічні деталі
Автори: Popov, Egor Paul (Автор), Nagarajan, S (Автор)
Формат: Книга
Мова:Іспанська
Опубліковано: Ciudad de México Limusa 1996
Предмети:
Теги: Додати тег
Немає тегів, Будьте першим, хто поставить тег для цього запису!

MARC

LEADER 00000nam a2200000 a 4500
001 UCM0975
003 CL-VaPUC
008 020322e19960000MX |||||||||||||||||spa|d
082 0 4 |a 620.1123  |b POP  |2 21 
100 0 |a Popov, Egor Paul  |e author  |9 467958 
700 0 |a Nagarajan, S  |e author  |9 467959 
245 1 0 |a Mecánica de materiales 
300 |a 676 p 
942 |c BK 
945 |d 20020322 00:00:00  |a cmena 
260 |a Ciudad de México  |b Limusa  |c 1996 
650 0 |a Propiedades mecánicas   |9 262507 
650 7 |a ELASTICIDAD  |2 CL-VaPUC  |9 266503 
650 7 |a CARGAS AXIALES  |2 CL-VaPUC  |9 467960 
650 0 |a Ingeniería de estructuras  |9 262550 
650 0 |a Resistencia de materiales  |9 260095 
583 |a last modification  |c 20020322 00:00:00  |k Rodrigo Vera 
999 |c 299702  |d 299700